[Event "N�-LL 2005/06"]
[Site "?"]
[Date "2006.01.22"]
[Round "9"]
[White "Posch, Werner"]
[Black "Cika, Agron"]
[Result "0-1"]
[WhiteElo "2206"]
[BlackElo "1966"]
[Annotator "Baden : Wr.Neustadt"]
[PlyCount "128"]
[EventDate "2006.??.??"]

1. e4 d6 2. Nc3 c5 3. f4 e6 4. Nf3 Nc6 5. Bb5 Bd7 6. O-O Nge7 7. Re1 Nd4 8. a4
a6 9. Bc4 Nec6 10. d3 Be7 11. f5 O-O 12. fxe6 fxe6 13. Rf1 Bf6 14. Be3 Nxf3+
15. gxf3 Kh8 16. f4 Bd4 17. Bxd4 Nxd4 18. Ne2 Qf6 19. c3 Nxe2+ 20. Qxe2 Bc6 21.
Bb3 d5 22. Bc2 dxe4 23. dxe4 e5 24. f5 Rad8 25. Qe3 g6 26. Rf3 gxf5 27. Rxf5
Rg8+ 28. Kf1 Qg6 29. Qf2 Qh6 30. Qxc5 Qh3+ 31. Ke1 Qh4+ 32. Kf1 Qh3+ 33. Ke1
Qxh2 34. Rd1 Rg1+ 35. Rf1 Qg3+ 36. Qf2 Rxf1+ 37. Kxf1 Rxd1+ 38. Bxd1 Qxf2+ 39.
Kxf2 Bxe4 40. Ke3 Bc6 41. b4 Kg7 42. c4 Kf6 43. b5 Bh1 44. c5 axb5 45. axb5 Ke6
46. Bb3+ Bd5 47. Bd1 Ke7 48. Be2 h6 49. Kd3 Kf6 50. Ke3 Ke7 51. Kd3 Kd7 52.
Bg4+ Kc7 53. Kc3 b6 54. Kb4 Bf7 55. cxb6+ Kxb6 56. Bd7 h5 57. Kc3 Bd5 58. Kd3
Kc5 59. Ke3 h4 60. Kd3 Bg2 61. Ke3 Bf1 62. Kf3 Bxb5 63. Bh3 Kd4 64. Kg4 Bd7+
0-1

[Event "N�-LL 2005/06"]
[Site "?"]
[Date "2006.01.22"]
[Round "9"]
[White "Eidenberger, Otto"]
[Black "Todor, Razvan"]
[Result "1/2-1/2"]
[WhiteElo "2007"]
[BlackElo "2153"]
[Annotator "Baden : Wr.Neustadt"]
[PlyCount "58"]
[EventDate "2006.??.??"]

1. e4 e6 2. d4 c5 3. c3 d5 4. e5 Nc6 5. Nf3 Qb6 6. Bd3 Bd7 7. Bc2 cxd4 8. cxd4
Nb4 9. Ba4 Qa6 10. Bxd7+ Kxd7 11. Qd2 Nd3+ 12. Kd1 Rc8 13. Nc3 Bb4 14. Ne1 Nxe1
15. Rxe1 Ne7 16. Re3 Qf1+ 17. Qe1 Qxg2 18. Rg3 Qxh2 19. Qf1 Qh5+ 20. Ke1 a6 21.
a3 Ba5 22. Bd2 Nf5 23. Rd3 Nxd4 24. Rxd4 Qxe5+ 25. Ne2 Bxd2+ 26. Rxd2 h5 27.
Rad1 h4 28. Qh3 Ke7 29. Kf1 Rc4 1/2-1/2

[Event "N�-LL 2005/06"]
[Site "MyTown"]
[Date "2006.01.22"]
[Round "9"]
[White "Bechmann, Gerhard"]
[Black "Bachmayer, Josef"]
[Result "0-1"]
[WhiteElo "2040"]
[BlackElo "2106"]
[Annotator "Mauerbach : Amstetten"]
[PlyCount "52"]
[EventDate "2006.??.??"]

1. e4 g6 2. d4 Bg7 3. Be3 d6 4. c3 Nd7 5. Qd2 c6 6. Na3 Qc7 7. Bd3 a6 8. Ne2 h5
9. f4 Ngf6 10. g3 Nb6 11. Qc2 Be6 12. c4 c5 13. e5 Nfd7 14. Bxg6 (14. d5 $1 Bh3
15. e6 fxe6 16. Bxg6+) 14... dxe5 15. dxe5 Nxe5 16. fxe5 Qxe5 17. Bf4 Qxb2 18.
Rb1 $2 (18. Qxb2 $3) 18... Qxa3 19. O-O Qa4 $6 (19... Nxc4 $1) 20. Qe4 $6 (20.
Rxb6) 20... Qc6 21. Qxc6+ bxc6 22. Rxb6 (22. Be4 Nd7) 22... fxg6 23. Rxc6 Bxc4
24. Re1 O-O 25. Bg5 Rf5 26. Bh4 g5 0-1



g5 0-1

[Event "N�-LL 2005/06"]
[Site "MyTown"]
[Date "2006.01.22"]
[Round "9"]
[White "Rumpl, Erwin"]
[Black "Weissenbeck, Manuel"]
[Result "1-0"]
[WhiteElo "2290"]
[BlackElo "2248"]
[Annotator "Mauerbach : Amstetten"]
[PlyCount "75"]
[EventDate "2006.??.??"]

1. e4 c5 2. c4 Nc6 3. Nc3 g6 4. g3 Bg7 5. Bg2 d6 6. Nge2 Nf6 7. d3 O-O 8. O-O
a6 9. a4 Ne8 10. Be3 Nd4 11. Rb1 Ra7 12. b4 b6 13. a5 bxa5 14. bxc5 dxc5 15.
Na4 Rc7 16. Nxd4 Bxd4 17. Bxd4 Qxd4 18. Qd2 Bd7 19. Nb6 Bc6 20. Qb2 Rb7 21.
Qxd4 cxd4 22. e5 Bxg2 23. Kxg2 Nc7 24. Nd5 Rfb8 25. Rxb7 Rxb7 26. Nxc7 Rxc7 27.
Kf3 f5 28. exf6 exf6 29. Ke4 Re7+ 30. Kxd4 Re2 31. Kd5 Kf7 32. d4 a4 33. Ra1
Rxf2 34. Rxa4 Rxh2 35. Rxa6 g5 36. c5 h5 37. c6 Rc2 38. Kd6 1-0

c5 h5 37. c6 Rc2
38. Kd6 1-0

[Event "N�-LL 2005/06"]
[Site "MyTown"]
[Date "2006.01.22"]
[Round "9"]
[White "Wadsack, Winfried"]
[Black "Thoma, Wilhelm"]
[Result "1-0"]
[WhiteElo "2119"]
[BlackElo "2095"]
[Annotator "Mauerbach : Amstetten"]
[PlyCount "157"]
[EventDate "2006.??.??"]

1. e4 c5 2. c3 e6 3. d4 d5 4. exd5 exd5 5. Be3 cxd4 6. Bxd4 Nc6 7. Nf3 Bg4 8.
Be2 f6 9. O-O Bd6 10. h3 Bd7 11. Re1 Nge7 12. Nbd2 O-O 13. Bd3 Rc8 14. Nf1 Nxd4
15. Nxd4 Be5 16. Nf3 Bc7 17. Ne3 Bb6 18. Qb3 Be6 19. Qc2 g6 20. Qe2 Bf7 21. Ng4
Nc6 22. Qd2 d4 23. Qf4 dxc3 24. Rad1 Bc7 25. Qh6 Bd6 26. bxc3 Re8 27. Rxe8+
Bxe8 28. Bc4+ Kh8 29. Qd2 Be7 30. Qe2 Bd7 31. Nh6 Kg7 32. Nf7 Qc7 33. Qd2 Na5
34. Qh6+ Kg8 35. N7e5+ Nxc4 36. Rxd7 Nxe5 37. Rxc7 Nxf3+ 38. gxf3 Rxc7 39. Qf4
Rxc3 40. a4 Kf7 41. Kg2 Rc5 42. h4 b6 43. Qe4 Ra5 44. Qc4+ Kf8 45. Qc8+ Kf7 46.
Qd7 Kf8 47. f4 Kf7 48. f3 Kf8 49. f5 gxf5 50. f4 h6 51. Kf3 Kf7 52. Ke2 Kf8 53.
Kd3 Kf7 54. Kc2 Kf8 55. Kb3 Kf7 56. h5 Kf8 57. Qc8+ Kf7 58. Qb7 Kf8 59. Qg2 Bd6
60. Qd2 Ke7 61. Qe3+ Kd7 62. Qd4 b5 63. axb5 Rxb5+ 64. Kc3 Rc5+ 65. Kd3 Ke6 66.
Qe3+ Kd5 67. Qf3+ Ke6 68. Qe2+ Kd5 69. Qg2+ Ke6 70. Qg8+ Ke7 71. Qg7+ Ke6 72.
Qxh6 a5 73. Qg6 Bxf4 74. Qe8+ Kd5 75. Qd7+ Bd6 76. h6 Rc7 77. Qxf5+ Be5 78. h7
Rc3+ 79. Kd2 1-0

. Kd2 1-0

[Event "N�-LL 2005/06"]
[Site "MyTown"]
[Date "2006.01.22"]
[Round "9"]
[White "Penz, Harald"]
[Black "Wadsack, Wolfgang"]
[Result "1-0"]
[WhiteElo "2283"]
[BlackElo "2219"]
[Annotator "Mauerbach : Amstetten"]
[PlyCount "147"]
[EventDate "2006.??.??"]

1. e4 d5 2. exd5 Nf6 3. Nf3 Nxd5 4. Nc3 Bg4 5. h3 Bxf3 6. Qxf3 e6 7. Bc4 c6 8.
O-O Nd7 9. d4 Qf6 10. Nxd5 exd5 11. Re1+ Be7 12. Qxf6 Nxf6 13. Bd3 Kd8 14. Bf4
Re8 15. c3 g6 16. Re2 Kd7 17. Be5 Ng8 18. Rae1 Bf6 19. Bf4 Rxe2 20. Rxe2 Re8
21. Rxe8 Kxe8 22. Bb8 a6 23. f4 Kd7 24. Kf2 Ne7 25. Be2 Bg7 26. g4 f5 27. Be5
Bh6 28. c4 Ke6 29. g5 Bf8 30. c5 Kf7 31. b4 Bg7 32. Ke3 Bxe5 33. dxe5 Ke6 34.
Kd4 Nc8 35. a4 Na7 36. h4 Nc8 37. h5 Ne7 38. h6 Kd7 39. b5 axb5 40. axb5 cxb5
41. Bxb5+ Ke6 42. Be8 Nc6+ 43. Kc3 Nd8 44. Ba4 Ke7 45. Bb3 Ke6 46. Ba2 Nc6 47.
Bb1 Kf7 48. Bd3 Ke6 (48... Nd8 $15) 49. Bc2 Kf7 50. Bb3 Ke6 51. Ba2 Ne7 52. Kb4
Kd7 53. Kb5 Kc7 54. e6 Kd8 55. Bb3 Kc7 56. Kb4 b6 57. Kb5 bxc5 58. Kxc5 d4 59.
Bc4 Kd8 60. Kxd4 Ke8 61. Ke5 Kf8 62. Bb5 Nc8 63. Ba6 Ne7 64. Bd3 Ke8 65. Bb5+
Kf8 66. Kd6 Nc8+ 67. Kd7 Ne7 68. Kd8 Nd5 69. Bc6 Ne7 70. Be8 Nd5 71. Bxg6 hxg6
72. h7 Kg7 73. e7 Nxe7 74. Kxe7 1-0

e7 Nxe7 74. Kxe7 1-0

[Event "N�-LL 2005/06"]
[Site "?"]
[Date "2006.01.22"]
[Round "9"]
[White "Lehner, Oliver"]
[Black "Mozny, Milos"]
[Result "1/2-1/2"]
[WhiteElo "2415"]
[BlackElo "2373"]
[Annotator "Krems : St.P�lten"]
[PlyCount "64"]
[EventDate "2005.09.27"]
[SourceDate "2006.01.28"]

1. e4 c5 2. Nf3 e6 3. d4 cxd4 4. Nxd4 Nf6 5. Nc3 d6 6. f4 Be7 7. Bb5+ Nfd7 8.
Be3 O-O 9. Qh5 a6 10. Bd3 Nc6 11. Nxc6 bxc6 12. O-O-O Rb8 13. h4 Bf6 14. e5 g6
15. Qf3 dxe5 16. h5 exf4 17. hxg6 fxg6 18. Qh3 Qe7 19. Bxf4 Ne5 20. Be2 Rf7 21.
Rd4 c5 22. Rd2 Rb4 23. Bg3 Qb7 24. Bxe5 Bxe5 25. Rd8+ Rf8 26. Bxa6 Qe7 27. Rxc8
Bxc3 28. Qxh7+ Qxh7 29. Rxf8+ Kxf8 30. Rxh7 Rxb2 31. Bc4 Rb4 32. Rh4 Ke7
1/2-1/2

[Event "N�-LL 2005/06"]
[Site "?"]
[Date "2006.01.22"]
[Round "9"]
[White "Spazek, Petr"]
[Black "Ganaus, Hannes"]
[Result "1-0"]
[WhiteElo "2379"]
[BlackElo "2368"]
[Annotator "Krems : St.P�lten"]
[PlyCount "77"]
[EventDate "2005.09.27"]
[SourceDate "2006.01.28"]

1. Nf3 g6 2. d4 Bg7 3. e4 c5 4. c3 cxd4 5. cxd4 d5 6. exd5 Nf6 7. Bb5+ Nbd7 8.
d6 e6 9. Nc3 a6 10. Bxd7+ Qxd7 11. Bf4 Nh5 12. Qd2 Nxf4 13. Qxf4 O-O 14. O-O b6
15. Ne4 f5 16. Ned2 Bb7 17. Rac1 Rac8 18. Nc4 Qd8 19. d7 Rc7 20. Nfe5 g5 21.
Qd2 b5 22. Nd6 Bxe5 23. Rxc7 Qxc7 24. dxe5 Qxd7 25. Qxg5+ Kh8 26. Nxb7 Qxb7 27.
Rd1 Qg7 28. Qxg7+ Kxg7 29. Rd7+ Kg6 30. Rd6 Rc8 31. Rxe6+ Kg5 32. g3 Rc2 33.
Rxa6 Rxb2 34. Kg2 b4 35. Ra8 h6 36. h3 f4 37. Rg8+ Kf5 38. Rf8+ Kg6 39. Rxf4
1-0

[Event "N�-LL 2005/06"]
[Site "?"]
[Date "2006.01.22"]
[Round "9"]
[White "Polsterer, Heinz"]
[Black "Wallner, Erich"]
[Result "0-1"]
[WhiteElo "2023"]
[BlackElo "2127"]
[Annotator "Krems : St.P�lten"]
[PlyCount "68"]
[EventDate "2005.09.27"]
[SourceDate "2006.01.28"]

1. e4 c6 2. d4 d5 3. f3 e6 4. Nc3 Nf6 5. Be3 Be7 6. Bd3 b6 7. Nge2 Ba6 8. h3 c5
9. Bxa6 Nxa6 10. Qd3 Nb4 11. Qb5+ Nd7 12. O-O-O a6 13. Qa4 b5 14. Qa3 c4 15.
Kd2 Nxc2 16. Qxe7+ Qxe7 17. Kxc2 O-O 18. exd5 b4 19. d6 Qxd6 20. Ne4 Qc6 21.
Kb1 Nb6 22. Nc5 Rfe8 23. Ng3 a5 24. h4 a4 25. Rc1 Nd5 26. Bf2 c3 27. Nge4 f5
28. Ng3 e5 29. dxe5 Rxe5 30. Rhe1 Rae8 31. Rxe5 Rxe5 32. Rc2 Ne3 33. Nd3 Nxc2
34. Nxe5 Qd5 0-1

[Event "N�-LL 2005/06"]
[Site "?"]
[Date "2006.01.22"]
[Round "9"]
[White "Knoll, Hermann"]
[Black "Hangweyrer, Manfred"]
[Result "1/2-1/2"]
[WhiteElo "2344"]
[BlackElo "2327"]
[Annotator "Stockerau : P�chlarn"]
[PlyCount "162"]
[EventDate "2005.09.27"]
[SourceDate "2006.01.28"]

1. d4 d5 2. Nf3 Nf6 3. c4 e6 4. Nc3 Be7 5. Bf4 O-O 6. e3 c6 7. Rc1 Nbd7 8. cxd5
Nxd5 9. Bg3 Qb6 10. Qd2 Nxc3 11. bxc3 c5 12. Bd3 cxd4 13. exd4 Qa5 14. O-O b6
15. Be4 Ba6 16. Bxa8 Bxf1 17. Bc6 Bb5 18. Bxb5 Qxb5 19. c4 Qb4 20. Qxb4 Bxb4
21. Kf1 Rc8 22. Ke2 f6 23. Kd3 Kf7 24. Rb1 a5 25. h4 h5 26. Bf4 Rd8 27. Kc2 Rc8
28. Kb3 e5 29. dxe5 Nc5+ 30. Kc2 Ne6 31. Be3 Rxc4+ 32. Kd1 b5 33. exf6 gxf6 34.
a3 Bxa3 35. Rxb5 a4 36. Rxh5 Bb4 37. Rb5 a3 38. Rb7+ Kg6 39. Ra7 Nc5 40. Nd4
Ne4 41. Ne2 Bc5 42. Bxc5 Rxc5 43. Ke1 Rb5 44. Nf4+ Kf5 45. Rxa3 Kxf4 46. g3+
Ke5 47. Rf3 f5 48. Rf4 Rb1+ 49. Ke2 Ra1 50. Kf3 Rg1 51. Ke2 Rh1 52. Ke3 Rh2 53.
Rf3 Nf6 54. Ke2 Ne4 55. Ke3 Nc3 56. Kd2 Nd5 57. Ke2 f4 58. gxf4+ Ke4 59. Ra3
Nxf4+ 60. Kd2 Rxf2+ 61. Kc3 Rf3+ 62. Kb4 Nd5+ 63. Ka4 Rf8 64. Kb5 Ke5 65. Rg3
Rb8+ 66. Kc5 Rc8+ 67. Kb5 Nc3+ 68. Kb6 Ne4 69. Rd3 Rc1 70. h5 Rh1 71. Kc6 Rxh5
72. Rd5+ Kf4 73. Rxh5 Kg4 74. Rh8 Kf4 75. Rf8+ Ke5 76. Re8+ Kd4 77. Re6 Nc3 78.
Rh6 Ne4 79. Rh5 Nf6 80. Rg5 Ne4 81. Rf5 Nc3 1/2-1/2

[Event "N�-LL 2005/06"]
[Site "?"]
[Date "2006.01.22"]
[Round "9"]
[White "Gr�tz, Harald"]
[Black "Weiss, Christian"]
[Result "0-1"]
[WhiteElo "2296"]
[BlackElo "2397"]
[Annotator "Stockerau : P�chlarn"]
[PlyCount "60"]
[EventDate "2005.09.27"]
[SourceDate "2006.01.28"]

1. e4 c5 2. Nf3 e6 3. d4 cxd4 4. Nxd4 a6 5. Bd3 Nf6 6. O-O Qc7 7. Qe2 d6 8. c4
g6 9. Nc3 Bg7 10. Rd1 O-O 11. Nf3 Nc6 12. h3 Nd7 13. Be3 Nde5 14. Nxe5 dxe5 15.
f3 b6 16. Qf2 Rb8 17. Rac1 Nd4 18. Ne2 Rd8 19. Bb1 Nc6 20. Nc3 Rxd1+ 21. Rxd1
Bd7 22. b3 Be8 23. a3 Nd4 24. Qb2 b5 25. Qa2 bxc4 26. bxc4 Qa5 27. Bxd4 exd4
28. Ne2 Ba4 29. Bc2 d3 30. Rxd3 Qe1+ 0-1

[Event "N�-LL 2005/06"]
[Site "?"]
[Date "2006.01.22"]
[Round "9"]
[White "Weinzettl, Ernst"]
[Black "Batyte, Daiva"]
[Result "1/2-1/2"]
[WhiteElo "2325"]
[BlackElo "2180"]
[Annotator "Stockerau : P�chlarn"]
[PlyCount "52"]
[EventDate "2005.09.27"]
[SourceDate "2006.01.28"]

1. e4 b6 2. d4 Bb7 3. Bd3 Nf6 4. Qe2 Nc6 5. c3 e5 6. Bg5 h6 7. Bh4 Be7 8. d5
Nb8 9. Bg3 d6 10. Nd2 c6 11. dxc6 Bxc6 12. Ngf3 Nbd7 13. b4 Nh5 14. Nc4 Nxg3
15. fxg3 Qc7 16. O-O Nf6 17. Nh4 g6 18. Rf2 Rc8 19. Nd2 O-O 20. Raf1 Qd8 21. c4
Bd7 22. Nb1 Ng4 23. Rf3 Nf6 24. h3 Nh7 25. Nc3 Be6 26. Nf5 Bg5 {
Rest nicht lesbar, remis im 68.Zug} 1/2-1/2

[Event "N�-LL 2005/06"]
[Site "?"]
[Date "2006.01.22"]
[Round "9"]
[White "Schirmbeck, Hannes"]
[Black "Steinm�ller, G�nther"]
[Result "1/2-1/2"]
[WhiteElo "2147"]
[BlackElo "2047"]
[Annotator "Stockerau : P�chlarn"]
[PlyCount "128"]
[EventDate "2005.09.27"]
[SourceDate "2006.01.28"]

1. e4 e5 2. Nf3 Nc6 3. Bc4 Bc5 4. O-O Nf6 5. d3 d6 6. c3 O-O 7. Bg5 a6 8. b4
Ba7 9. Nbd2 Qe7 10. Nh4 Be6 11. Nf5 Bxf5 12. exf5 Nb8 13. Kh1 Nbd7 14. f4 h6
15. Bh4 Rfe8 16. Re1 Qf8 17. Qf3 c6 18. g4 exf4 19. d4 d5 20. Bd3 Qd6 21. g5
hxg5 22. Bxg5 Rxe1+ 23. Rxe1 Re8 24. Rxe8+ Nxe8 25. Bxf4 Qe7 26. Qg3 Bb6 27.
Nf3 Ndf6 28. Bg5 Nd6 29. Ne5 Bd8 30. Qh4 Nde8 31. Kg2 Qd6 32. Be2 Bc7 33. Bf4
Qe7 34. Bf3 Bd8 35. Bg5 Nd6 36. Qf4 Nde8 37. h4 Qd6 38. h5 a5 39. a3 axb4 40.
axb4 Nh7 41. Bxd8 Qxd8 42. h6 Qg5+ 43. Qxg5 Nxg5 44. b5 Nxf3 45. Kxf3 cxb5 46.
h7+ Kxh7 47. Nxf7 Nf6 48. Nd6 g5 49. fxg6+ Kxg6 50. Kf4 Nd7 51. Nxb5 Kf6 52.
Nd6 b6 53. Nc8 Ke6 54. Ke3 Kf7 55. Kd3 Ke8 56. Kc2 Kd8 57. Nd6 Kc7 58. Nf7 Kc6
59. Kb3 Kb5 60. Nd6+ Kc6 61. Nf5 Kb5 62. Ne3 Nf6 63. Kc2 Kc6 64. Kd3 Kd6
1/2-1/2

[Event "N�-LL 2005/06"]
[Site "?"]
[Date "2006.01.22"]
[Round "9"]
[White "Tober, Gerhard"]
[Black "Mahdy, Khaled"]
[Result "0-1"]
[WhiteElo "2277"]
[BlackElo "2337"]
[Annotator "B�hlerwerk : Waidhofen"]
[PlyCount "72"]

1. e4 d5 2. exd5 Nf6 3. d4 Bg4 4. Bb5+ Nbd7 5. Be2 Bxe2 6. Qxe2 Nxd5 7. Nf3 e6
8. O-O Be7 9. c4 N5b6 10. Nc3 O-O 11. Rd1 c6 12. Bf4 Re8 13. Rac1 h6 14. h3 Qc8
15. Ne4 c5 16. dxc5 Bxc5 17. Bd6 Qc6 18. Nxc5 Nxc5 19. Ne5 Qe4 20. Qh5 Qf5 21.
Qxf7+ Qxf7 22. Nxf7 Nca4 23. Nxh6+ gxh6 24. b3 Rac8 25. c5 Nxc5 26. Bxc5 Nd5
27. Kf1 b6 28. Be3 h5 29. Bd2 Kf7 30. Rc4 Rxc4 31. bxc4 Nf6 32. Bc3 Rc8 33. Rd4
e5 34. Rd3 Rc5 35. Re3 Nd7 36. Re4 Ke6 0-1

[Event "N�-LL 2005/06"]
[Site "?"]
[Date "2006.01.22"]
[Round "9"]
[White "Strobl, Ferdinand"]
[Black "Kropik, Martin"]
[Result "0-1"]
[WhiteElo "2004"]
[BlackElo "2112"]
[Annotator "B�hlerwerk : Waidhofen"]
[PlyCount "40"]

1. d4 f5 2. c4 Nf6 3. Nc3 g6 4. Bg5 Bg7 5. h4 d6 6. h5 Nxh5 7. Rxh5 gxh5 8. e4
O-O 9. Qxh5 Nc6 10. Nf3 fxe4 11. Nxe4 Bf5 12. Bd3 Bg6 13. Qh4 Rxf3 14. gxf3
Nxd4 15. O-O-O Nxf3 16. Qh3 Bxe4 17. Qe6+ Kf8 18. Qxe4 Nxg5 19. Qf5+ Nf7 20.
Rg1 e6 0-1

[Event "N�-LL 2005/06"]
[Site "?"]
[Date "2006.01.22"]
[Round "9"]
[White "Heimberger, Reinhard"]
[Black "Svanda, Pavel"]
[Result "1/2-1/2"]
[WhiteElo "2268"]
[BlackElo "2239"]
[Annotator "B�hlerwerk : Waidhofen"]
[PlyCount "106"]

1. g3 Nf6 2. Bg2 d5 3. d4 g6 4. Nf3 Bg7 5. O-O O-O 6. Nbd2 c6 7. b3 Bf5 8. Bb2
Ne4 9. Nh4 Nxd2 10. Qxd2 Bc8 11. c4 Be6 12. Rac1 Nd7 13. e4 Nf6 14. e5 Nd7 15.
f4 dxc4 16. bxc4 Nb6 17. Qe2 Qd7 18. Rfd1 Bg4 19. Nf3 Rfd8 20. Qf1 e6 21. Rd2
Bxf3 22. Qxf3 Bf8 23. h4 Qe7 24. h5 Na4 25. Ba1 Qa3 26. Rb1 Qxf3 27. Bxf3 Nb6
28. hxg6 hxg6 29. Rdd1 Rd7 30. c5 Nd5 31. Bxd5 cxd5 32. Rd2 Be7 33. Kf2 b6 34.
cxb6 axb6 35. Rxb6 Rda7 36. Rbb2 Ra3 37. Rbc2 g5 38. Re2 Kg7 39. fxg5 Kg6 40.
Bc3 Kxg5 41. Kg2 Kg4 42. Rf2 Bg5 43. Rxf7 Rc8 44. Rf3 Rc4 45. Kf2 Rxd4 46. Bxd4
Rxf3+ 47. Ke2 Rxg3 48. Bf2 Ra3 49. Bc5 Ra4 50. Kd3 Kf5 51. Bd6 Bf4 52. Rf2 Re4
53. a3 Ra4 1/2-1/2

[Event "N�-LL 2005/06"]
[Site "?"]
[Date "2006.02.19"]
[Round "10"]
[White "Knoll, Hermann"]
[Black "Wukits, Rene"]
[Result "1-0"]
[WhiteElo "2344"]
[BlackElo "2329"]
[Annotator "Ternitz/Gloggnitz : P�chlarn"]
[PlyCount "107"]
[EventDate "2005.09.27"]
[SourceDate "2006.02.21"]

1. d4 b6 2. c4 e6 3. Nf3 Bb7 4. a3 Nf6 5. Nc3 Be7 6. d5 O-O 7. e4 exd5 8. cxd5
Re8 9. Bd3 c6 10. O-O Na6 11. d6 Bxd6 12. Bxa6 Bxa6 13. Qxd6 Bxf1 14. Kxf1 Nxe4
15. Nxe4 Rxe4 16. Ng5 Rg4 17. Nf3 Rg6 18. Qd3 d5 19. Bf4 c5 20. Rd1 d4 21. b4
Qd5 22. Bg3 Rd8 23. Bh4 Re8 24. bxc5 bxc5 25. Qb5 Rge6 26. Kg1 a6 27. Qa4 c4
28. h3 d3 29. Qb4 h6 30. Bg3 Re2 31. Bf4 a5 32. Qc3 R8e4 33. Bd2 Qc5 34. Rf1 a4
35. Be3 Qd5 36. Bd2 Kh7 37. Kh1 Qb7 38. Ng1 Qb6 39. Nxe2 dxe2 40. Re1 Qb3 41.
Qf3 Qd3 42. Be3 Kg8 43. Qxe2 Qxa3 44. Qc2 f5 45. Qd1 Qd3 46. Qxa4 c3 47. Qb3+
Kh7 48. Rd1 Rb4 49. Rxd3 Rxb3 50. Bc1 g5 51. Kg1 f4 52. Kf1 Kg6 53. Ke2 Kh5 54.
Bd2 1-0

[Event "N�-LL 2005/06"]
[Site "?"]
[Date "2006.02.19"]
[Round "10"]
[White "Weinwurm, Wolfgang"]
[Black "Weinzettl, Ernst"]
[Result "0-1"]
[WhiteElo "2091"]
[BlackElo "2325"]
[Annotator "Ternitz/Gloggnitz : P�chlarn"]
[PlyCount "68"]
[EventDate "2005.09.27"]
[SourceDate "2006.02.21"]

1. e4 e6 2. d4 d5 3. Nc3 Nf6 4. e5 Nfd7 5. f4 c5 6. Nf3 a6 7. Be3 Qb6 8. Na4
Qa5+ 9. c3 cxd4 10. b4 Qc7 11. Qxd4 a5 12. b5 b6 13. Be2 Nc5 14. Nxc5 Bxc5 15.
Qd2 O-O 16. Nd4 f6 17. exf6 Rxf6 18. O-O Qf7 19. Kh1 Bb7 20. Rae1 Nd7 21. Bf3
Re8 22. Qe2 Bd6 23. Bg4 Nc5 24. g3 Ne4 25. Nc6 Nxc3 26. Qb2 Ne4 27. Bxb6 Qg6
28. Bf3 Nxg3+ 29. hxg3 Qxg3 30. Qg2 Qxf4 31. Bg4 Rh6+ 32. Kg1 Qc4 33. Be2 Qh4
34. Rf2 Rg6 0-1

[Event "N�-LL 2005/06"]
[Site "?"]
[Date "2006.02.19"]
[Round "10"]
[White "Wiesinger, Robert"]
[Black "Degen, Gerhard"]
[Result "1-0"]
[WhiteElo "2232"]
[BlackElo "2117"]
[Annotator "Ternitz/Gloggnitz : P�chlarn"]
[PlyCount "103"]
[EventDate "2005.09.27"]
[SourceDate "2006.02.21"]

1. e4 c6 2. d4 d5 3. e5 c5 4. dxc5 Nc6 5. Bb5 e6 6. Qg4 h5 7. Bxc6+ bxc6 8. Qa4
Qc7 9. Be3 Ne7 10. Bd4 a5 11. c3 Ba6 12. Nd2 Ng6 13. Ndf3 Nf4 14. Kd2 Rb8 15.
b4 Bb5 16. Qxa5 Qxa5 17. bxa5 Bc4 18. Ne1 Be7 19. g3 Ng6 20. Nd3 Bxd3 21. Kxd3
O-O 22. Nf3 Rb5 23. a6 Bxc5 24. Rhb1 Ra5 25. Bxc5 Rxc5 26. Rb6 Ra8 27. Rab1 Nf8
28. Nd4 Nd7 29. f4 Nxb6 30. Rxb6 Ra5 31. Nxc6 R5xa6 32. Rxa6 Rxa6 33. Nb4 Ra4
34. Kc2 Kf8 35. Kb3 Ra8 36. a4 Ke8 37. Nc6 Kd7 38. Nd4 Rb8+ 39. Nb5 Kc6 40. Kb4
g6 41. Kb3 Kc5 42. Kc2 Rb7 43. Kb3 Rxb5+ 44. axb5 Kxb5 45. Kc2 Kc4 46. Kd2 d4
47. cxd4 Kxd4 48. h4 Ke4 49. Ke2 g5 50. hxg5 h4 51. Kf2 h3 52. Kg1 1-0

[Event "N�-LL 2005/06"]
[Site "?"]
[Date "2006.02.19"]
[Round "10"]
[White "Braun, Karl-Heinz"]
[Black "Steinm�ller, G�nther"]
[Result "1/2-1/2"]
[WhiteElo "2103"]
[BlackElo "2047"]
[Annotator "Ternitz/Gloggnitz : P�chlarn"]
[PlyCount "51"]
[EventDate "2005.09.27"]
[SourceDate "2006.02.21"]

1. e4 e5 2. Nf3 Nc6 3. Bc4 Bc5 4. O-O Nf6 5. d3 h6 6. c3 d6 7. b4 Bb6 8. a4 a6
9. h3 O-O 10. Qb3 Ne7 11. Na3 c6 12. Qb1 Ng6 13. Bb3 Nh5 14. Be3 Bc7 15. Qc1
Qf6 16. Qd1 Ngf4 17. Kh2 d5 18. Ng1 Qg6 19. g3 Rd8 20. Qf3 Nxd3 21. exd5 e4 22.
Qg2 cxd5 23. Bd1 f5 24. Bxh5 Qxh5 25. f4 exf3 26. Qxf3 1/2-1/2

[Event "N�-LL 2005/06"]
[Site "?"]
[Date "2006.02.19"]
[Round "10"]
[White "Gr�tz, Harald"]
[Black "Mahdy, Khaled"]
[Result "1/2-1/2"]
[WhiteElo "2296"]
[BlackElo "2337"]
[Annotator "Waidhofen : Stockerau"]
[PlyCount "30"]
[EventDate "2005.09.27"]
[SourceDate "2006.02.21"]

1. e4 e5 2. d4 exd4 3. Qxd4 Nc6 4. Qe3 Bb4+ 5. Nc3 Nge7 6. Bd2 O-O 7. O-O-O d6
8. Qg3 f5 9. Bh6 Bxc3 10. Bc4+ Kh8 11. Qxc3 Rf6 12. Bxg7+ Kxg7 13. e5 Nxe5 14.
Qxe5 dxe5 15. Rxd8 Rf8 1/2-1/2

[Event "N�-LL 2005/06"]
[Site "?"]
[Date "2006.02.19"]
[Round "10"]
[White "Kropik, Martin "]
[Black "Hangweyrer, Manfred"]
[Result "0-1"]
[WhiteElo "2112"]
[BlackElo "2327"]
[Annotator "Waidhofen : Stockerau"]
[PlyCount "50"]
[EventDate "2005.09.27"]
[SourceDate "2006.02.21"]

1. d4 d5 2. c4 c6 3. Nc3 Nf6 4. Bg5 Nbd7 5. e3 e6 6. cxd5 exd5 7. Bd3 Bd6 8.
Nge2 Nf8 9. f3 Ne6 10. Bh4 Qb6 11. Bxf6 gxf6 12. Qc2 Rg8 13. Ng3 Bd7 14. Nf5
Bf8 15. O-O-O Qa5 16. Kb1 O-O-O 17. g3 Kb8 18. e4 Nc7 19. Nh4 Be6 20. a3 h5 21.
exd5 Nxd5 22. Nxd5 Qxd5 23. Bf5 Qa2+ 24. Kc1 Bb3 25. Qe4 Bh6+ 0-1

[Event "N�-LL 2005/06"]
[Site "?"]
[Date "2006.02.19"]
[Round "10"]
[White "Batyte, Daiva"]
[Black "Fuss, Herbert"]
[Result "1/2-1/2"]
[WhiteElo "2180"]
[BlackElo "2046"]
[Annotator "Waidhofen : Stockerau"]
[PlyCount "40"]
[EventDate "2005.09.27"]
[SourceDate "2006.02.21"]

1. e4 b6 2. d4 Bb7 3. Nc3 e6 4. Nf3 Bb4 5. Bd3 Nf6 6. Qe2 d5 7. exd5 Nxd5 8.
Bd2 Nxc3 9. bxc3 Be7 10. O-O Nd7 11. a4 O-O 12. a5 Rc8 13. axb6 axb6 14. Ra7
Bc6 15. Rfa1 h6 16. c4 Re8 17. c3 Bd6 18. Bc2 Qf6 19. Re1 Nf8 20. Raa1 Red8 {
Rest nicht lesbar, remis im 68.Zug} 1/2-1/2

[Event "N�-LL 2005/06"]
[Site "?"]
[Date "2006.02.19"]
[Round "10"]
[White "Wagner, Stefan"]
[Black "Schirmbeck, Hannes"]
[Result "1/2-1/2"]
[WhiteElo "1915"]
[BlackElo "2147"]
[Annotator "Waidhofen : Stockerau"]
[PlyCount "39"]
[EventDate "2005.09.27"]
[SourceDate "2006.02.21"]

1. Nf3 Nf6 2. c4 e6 3. d4 b6 4. g3 Ba6 5. b3 Bb4+ 6. Bd2 Be7 7. Bg2 Bb7 8. Nc3
Ne4 9. Nxe4 Bxe4 10. O-O O-O 11. Bc3 d5 12. Re1 Bf6 13. Bf1 Bxf3 14. exf3 c5
15. Rc1 dxc4 16. dxc5 Bxc3 17. Rxc3 cxb3 18. cxb6 Qxb6 19. Qxb3 Nd7 20. Rd1
1/2-1/2

[Event "N�-LL 2005/06"]
[Site "?"]
[Date "2006.02.19"]
[Round "10"]
[White "Heimberger, Reinhard"]
[Black "Lehner, Oliver"]
[Result "0-1"]
[WhiteElo "2268"]
[BlackElo "2415"]
[Annotator "St.P�lten : B�hlerwerk"]
[PlyCount "64"]
[EventDate "2005.09.27"]
[SourceDate "2006.02.22"]

1. c4 e6 2. Nc3 d5 3. d4 c6 4. cxd5 exd5 5. Qc2 g6 6. e3 Bf5 7. Bd3 Bxd3 8.
Qxd3 Nd7 9. Nf3 f5 10. O-O Bd6 11. Rb1 a5 12. a3 Ngf6 13. Nd2 Ne4 14. f3 Qh4
15. f4 Nxd2 16. Bxd2 O-O 17. Na4 Qe7 18. Rbc1 Rfe8 19. Rfe1 Qe6 20. Nc5 Nxc5
21. dxc5 Bf8 22. a4 Qf7 23. Qb3 Re4 24. Qc2 Rc4 25. Qb3 Bxc5 26. Rxc4 dxc4 27.
Qc2 Rd8 28. Bxa5 Rd3 29. Bd2 Qd5 30. Re2 b5 31. axb5 cxb5 32. Qc1 Rxd2 0-1